|
|
|
|
| LEADER |
00000cam a2200000 a 4500 |
| 001 |
1/113810 |
| 008 |
170508s1974####gr | ||| |||| ||gre|| |
| 040 |
|
|
|a GR-MyUa
|b gre
|c GR-MyUa
|e AACR2
|
| 041 |
0 |
|
|a gre
|
| 082 |
7 |
|
|a 889.3
|2 (23)
|
| 100 |
1 |
|
|a Λουντέμης, Μενέλαος,
|d 1912-1977.
|
| 245 |
1 |
0 |
|a Γλυκοχάραμα :
|b διηγήματα /
|c Μενέλαος Λουντέμης.
|
| 250 |
|
|
|a 5η έκδ.
|
| 260 |
|
|
|a Αθήνα :
|b Δωρικός,
|c 1974.
|
| 300 |
|
|
|a 163, [2] σ. ;
|c 21 εκ.
|
| 650 |
|
0 |
|a Greek fiction, Modern
|y 20th century.
|
| 852 |
|
|
|a INST
|b SAMOS
|e 20170508
|h 889.3 ΛΟΥ
|p 005300044548
|q 005300044548
|t BK
|y 0
|
| 970 |
|
|
|a Γουβάλα
|b Βάσω
|z 08-05-2017
|